009260000a22002050004500090001400000245009300014300001300107500004500120041001300165700003200178700003400210700003100244700002900275100003600304260002800340942001300368773014800381999001700529952017400546 aARb0414610aDesigning and testing sampling protocols to estimate biodiversity in tropical ecosystems a44-60 p. a0 aInglés1 aGriswold, Charles E.9951601 aSilva Dávila , Diana9980551 aPeñaranda, Efrain9951621 aLarcher, Scott F.9980561 aCoddington , Jonathan A.993143 bDioscorides Pressc1991 cARTICULO1 tThe unity of evolutionary biology: Proceedings of the Fourth International Congress of Systematic and Evolutionary Biology / Dudley, E.C. (ed.) c13244d13244 001040718HEMEROTECAaBogotabBogotad2006-11-03eTrujillo, DiegohFuera de circulaciónl0oAR 04146p023584r2015-03-25 00:00:00t1w2015-03-25xEntregadoyARTICULO